[Event "IECG CE.2002.0.00043 email"]
[Site "IECG email"]
[Date "2002.12.27"]
[Round "?"]
[White "Mary, Laurent"]
[Black "Casser, Aaron"]
[Result "0-1"]
[WhiteElo "1369"]
[BlackElo "1349"]
[PlyCount "58"]
[EventDate "2002.12.27"]
[EventType "tourn (corr)"]
[EventRounds "6"]
[SourceTitle "Corr 2008"]
[Source "ChessBase"]
[SourceDate "2008.06.24"]
[SourceVersion "1"]
[SourceVersionDate "2008.06.24"]
[SourceQuality "1"]

1. d4 Nf6 2. Nc3 d5 3. e4 e6 4. e5 Nfd7 5. Be3 c5 6. Nf3 Nc6 7. dxc5 Ndxe5 8. Nxe5 Nxe5 9. Bb5+ Bd7 10. Qd4 Nc6 11. Bxc6 Bxc6 12. 0-0-0 Qc7 13. Rhe1 f6 14. Nxd5 Bxd5 15. Bf4 Bxc5 16. Bxc7 Bxd4 17. Rxd4 Kf7 18. f3 h5 19. c4 Rac8 20. cxd5 Rxc7+ 21. Kd2 e5 22. Rd3 Rhc8 23. Ke3 Rd7 24. Red1 Ke7 25. Rc3 Rxc3+ 26. bxc3 Kd6 27. c4 Rc7 28. Kd3 b5 29. cxb5 Kxd5 0-1

[Event "IECG CE.2002.0.00043 email"]
[Site "IECG email"]
[Date "2002.12.27"]
[Round "?"]
[White "Poblete, Litos"]
[Black "Mary, Laurent"]
[Result "1-0"]
[WhiteElo "1319"]
[BlackElo "1369"]
[PlyCount "69"]
[EventDate "2002.12.27"]
[EventType "tourn (corr)"]
[EventRounds "6"]
[SourceTitle "Corr 2008"]
[Source "ChessBase"]
[SourceDate "2008.06.24"]
[SourceVersion "1"]
[SourceVersionDate "2008.06.24"]
[SourceQuality "1"]

1. e4 d6 2. d4 e6 3. Nf3 h6 4. Bc4 a6 5. 0-0 Ne7 6. Re1 g5 7. h3 Ng6 8. Nc3 Nd7 9. Ne2 Rg8 10. Ng3 b6 11. c3 b5 12. Bb3 c5 13. dxc5 Nxc5 14. Bc2 Bb7 15. Be3 Rc8 16. a4 Nxa4 17. Bxa4 bxa4 18. Qxa4+ Qd7 19. Qxd7+ Kxd7 20. Rad1 Bg7 21. Bc1 Ne5 22. Nxe5+ Bxe5 23. Nf1 g4 24. hxg4 Rxg4 25. f3 Rg6 26. Ne3 h5 27. Re2 a5 28. c4 a4 29. Rc2 Ke7 30. Rd3 Rgg8 31. Ra3 Bc6 32. Bd2 Rb8 33. Bc3 Bf4 34. Kf2 f6 35. Ra1 1-0

[Event "IECG FI.1999.0.00004 (Class N) email"]
[Site "IECG email"]
[Date "1999.06.01"]
[Round "?"]
[White "Mary, Laurent"]
[Black "Vnukov, Denis"]
[Result "0-1"]
[WhiteElo "1191"]
[BlackElo "1185"]
[PlyCount "60"]
[EventDate "1999.06.01"]
[EventType "tourn (corr)"]
[EventRounds "11"]
[SourceTitle "Corr 2008"]
[Source "ChessBase"]
[SourceDate "2008.06.24"]
[SourceVersion "1"]
[SourceVersionDate "2008.06.24"]
[SourceQuality "1"]

1. d3 d5 2. e3 e5 3. a3 Nf6 4. h3 Be7 5. b3 0-0 6. Nd2 c5 7. Bb2 Nc6 8. Ne2 Qc7 9. g4 Be6 10. Bg2 Rad8 11. Ng3 Rfe8 12. Qe2 b5 13. Qf1 Na5 14. Bc1 c4 15. b4 cxd3 16. cxd3 Rc8 17. Bb2 Nc6 18. Ke2 a5 19. bxa5 Qxa5 20. Rg1 Bf8 21. Qb1 Nd7 22. Rc1 Rc7 23. Nf3 f6 24. Qa2 d4 25. Qb1 dxe3 26. fxe3 Rec8 27. g5 f5 28. g6 h6 29. Bc3 Qa4 30. Bb2 Na5 0-1

[Event "IECG CP.1998.P.00066"]
[Site "IECG email"]
[Date "1998.10.01"]
[Round "?"]
[White "Fedorko, Andrew"]
[Black "Mary, Laurent"]
[Result "1-0"]
[WhiteElo "1818"]
[BlackElo "800"]
[PlyCount "65"]
[EventDate "1998.10.01"]
[EventType "tourn (corr)"]
[EventRounds "6"]
[EventCountry "ENG"]
[SourceTitle "Corr 2008"]
[Source "ChessBase"]
[SourceDate "2008.06.24"]
[SourceVersion "1"]
[SourceVersionDate "2008.06.24"]
[SourceQuality "1"]

1. e4 d6 2. d4 e6 3. c4 b6 4. Nc3 a6 5. Be3 Bb7 6. Bd3 Nd7 7. Nge2 h6 8. 0-0 g6 9. Qd2 Ne7 10. Rad1 Bg7 11. f3 g5 12. f4 g4 13. d5 e5 14. Bb1 h5 15. f5 Ng8 16. Nc1 h4 17. Nd3 Bh6 18. Bxh6 Nxh6 19. Bc2 g3 20. h3 Qf6 21. Ba4 0-0-0 22. b4 Ng8 23. c5 dxc5 24. Bxd7+ Rxd7 25. bxc5 Ne7 26. Rb1 b5 27. a4 Nxd5 28. Nxd5 Bxd5 29. exd5 Rxd5 30. Qc3 Rhd8 31. Nb4 Rd2 32. axb5 axb5 33. Ra1 1-0

[Event "IECG CP.1998.P.00066"]
[Site "IECG email"]
[Date "1998.10.01"]
[Round "?"]
[White "Mary, Laurent"]
[Black "Heys, William Scott"]
[Result "1-0"]
[WhiteElo "800"]
[BlackElo "1610"]
[PlyCount "105"]
[EventDate "1998.10.01"]
[EventType "tourn (corr)"]
[EventRounds "6"]
[EventCountry "ENG"]
[SourceTitle "Corr 2008"]
[Source "ChessBase"]
[SourceDate "2008.06.24"]
[SourceVersion "1"]
[SourceVersionDate "2008.06.24"]
[SourceQuality "1"]

1. d3 d5 2. e3 e5 3. a3 c5 4. b3 Nf6 5. h3 Be7 6. Nd2 0-0 7. g4 Nc6 8. Ne2 Ne8 9. Ng3 f5 10. Nxf5 Bxf5 11. gxf5 Rxf5 12. e4 Rf7 13. exd5 Qxd5 14. Ne4 Nc7 15. Bg2 Qd7 16. Bf3 Nd4 17. Bg4 Qc6 18. Bh5 g6 19. Rg1 Kh8 20. c3 Nde6 21. Bf3 Qd7 22. Bg4 Qd8 23. Qe2 Bh4 24. Be3 Nf4 25. Bxf4 Rxf4 26. 0-0-0 Qe7 27. c4 Raf8 28. Rg2 b6 29. Rf1 R4f7 30. Qd2 Ne6 31. Bxe6 Qxe6 32. Rg4 Qe7 33. Qh6 Bxf2 34. Rxf2 Rxf2 35. Nxf2 Rxf2 36. Rxg6 Qf7 37. Rg1 Qf4+ 38. Qxf4 exf4 39. Rg4 Rf3 40. Kd2 Rxh3 41. Rxf4 Kg7 42. b4 Rh5 43. Kc3 Kg6 44. Rf8 Re5 45. Ra8 cxb4+ 46. axb4 Re7 47. d4 Kf5 48. c5 bxc5 49. bxc5 Ke6 50. Kc4 Rb7 51. d5+ Ke5 52. d6 Rg7 53. Re8+ 1-0

[Event "IECG CP.1997.S.00001"]
[Site "IECG email"]
[Date "1998.??.??"]
[Round "?"]
[White "Mary, Laurent"]
[Black "Rensen, Martin"]
[Result "0-1"]
[WhiteElo "1188"]
[BlackElo "2150"]
[PlyCount "92"]
[EventDate "1998.11.20"]
[EventType "tourn (corr)"]
[EventRounds "10"]
[SourceTitle "Corr 2008"]
[Source "ChessBase"]
[SourceDate "2008.06.24"]
[SourceVersion "1"]
[SourceVersionDate "2008.06.24"]
[SourceQuality "1"]

1. d4 Nf6 2. Nc3 d5 3. e4 e6 4. f3 dxe4 5. fxe4 Bb4 6. Bg5 h6 7. Bxf6 Qxf6 8. Nf3 c5 9. Bb5+ Bd7 10. 0-0 cxd4 11. Nxd4 Qe5 12. Qd3 0-0 13. Nde2 Bxb5 14. Qxb5 Qxb5 15. Nxb5 Bc5+ 16. Kh1 Nc6 17. Nf4 Rac8 18. Nd3 Be7 19. Rf2 a6 20. Nc3 Bh4 21. g3 Bf6 22. Na4 Bd4 23. Rd2 Na5 24. c3 Nc4 25. Re2 Ba7 26. b3 Rfd8 27. bxc4 Rxd3 28. Rb1 Rd7 29. Rb4 a5 30. Rb5 Rxc4 31. Rxa5 b6 32. Ra6 Rb7 33. Kg2 b5 34. Nb2 Rxc3 35. Nd1 Rc1 36. Rd2 Kf8 37. Ra3 Ke7 38. Kf3 Bc5 39. Rad3 h5 40. Rb3 Rd7 41. Rxd7+ Kxd7 42. Rc3 Rxc3+ 43. Nxc3 Kc6 44. Ne2 Bd6 45. Ke3 Kc5 46. Nd4 Kc4 0-1

[Event "IECG CP.1997.P.00015"]
[Site "IECG email"]
[Date "1997.??.??"]
[Round "?"]
[White "Mary, Laurent"]
[Black "Fredriksen, Arild"]
[Result "1-0"]
[WhiteElo "800"]
[BlackElo "1800"]
[PlyCount "37"]
[EventDate "1997.10.27"]
[EventType "tourn (corr)"]
[EventRounds "8"]
[SourceTitle "Corr 2008"]
[Source "ChessBase"]
[SourceDate "2008.06.24"]
[SourceVersion "1"]
[SourceVersionDate "2008.06.24"]
[SourceQuality "1"]

1. d3 d5 2. e3 e5 3. a3 Nf6 4. h3 Bd6 5. b3 0-0 6. g4 c5 7. Nd2 Nc6 8. Bb2 Be6 9. Ne2 d4 10. e4 b5 11. Ng3 h6 12. Nf5 a5 13. h4 Ne8 14. g5 hxg5 15. hxg5 Qxg5 16. Qf3 Bxf5 17. exf5 e4 18. Nxe4 Qf4 19. Qh3 1-0